000 01181nam a22003251c 4500
001 a987695718
003 RU-10907106
005 20211006111438.0
008 210112s2021 gw |||| 000u ger d
020 _a9783525560365
_a978-3-666-56036-1
_9978-3-525-56036-5
040 _cRU-10907106
_aRU-10907106
_bger
041 _ager
245 0 0 _aZustimmung - Anpassung - Widerspruch :
_bQuellen zur Geschichte des bayerischen Protestantismus in der Zeit der nationalsozialistischen Herrschaft
264 _aGöttingen :
_bVandenhoeck & Ruprecht,
_c2021
300 _a1 Online-Ressource (VI, 1933 Seiten)
336 _aText
_btxt
_2rdacontent
337 _aComputermedien
_bc
_2rdamedia
338 _aOnline-Ressource
_bcr
_2rdacarrier
490 0 _aArbeiten zur Kirchlichen Zeitgeschichte
_v21
500 _aE-Book-V&R eLibrary / Zugriff nur im DHI-Lesesaal
650 _aProtestantismus
650 _aNationalsozialismus
650 _aQuelle
651 _aBayern
700 1 _aFix, Karl-Heinz
_eHerausgeberIn
700 1 _aHermle, Siegfried
_eHerausgeberIn
700 1 _aOelke, Harry
_eHerausgeberIn
856 4 _uhttps://doi.org/10.13109/9783666560361
942 _cEB
_2z
999 _c32275
_d32275